000 00513nam a22001817a 4500
008 171109b xxu||||| |||| 00| e tur d
020 _a9750803132
041 _atur
050 _aPL219
100 _aDoğan, Mehmet H.
_9543
245 _a Şiir, Bugün : Deneme
250 _a1.Basım
260 _aİstanbul
_bYapı Kredi Yayınları
_cAğustos 2001
300 _b217 Sayfa
500 _aYapı Kredi Yayınları : 1525 Edebiyat : 410
650 0 _9145
_aTürk Edebiyatı
942 _2lcc
_cBK
999 _c1655
_d1630